000 00615nam a2200181 a 4500
005 20251024063924.0
008 991125s1977 mx 000 0 spa u
020 _a9682907586
035 _aUPN01000137611
049 _aLTG
050 4 _aLB1585
_bM6.5 1977
245 0 0 _aCiencias naturales :
_bquinto grado /
_cMaría Antonia Candela ... [et al.].
260 _aMéxico :
_bSEP, Comisión Nacional de los Libros de Texto Gratuitos,
_cc1977.
300 _a159 p. :
_bil. col.
650 4 _aCiencias naturales
_xEstudio y enseñanza (Elemental)
_92812
700 1 _aCandela, Antonia
_ecoaut.
_932625
905 _aLibro
999 _c109762
_d109762